[Event "Wch U18 blitz"]
[Site "Batumi"]
[Date "2023.06.10"]
[Round "6"]
[White "Oosthuizen, Michal Jacobus"]
[Black "Seyedi Hallaj, Seyedeh Hasti"]
[Result "0-1"]
[WhiteElo "1919"]
[BlackElo "1613"]
[PlyCount "60"]
[EventDate "2023.06.10"]
[EventType "swiss (blitz)"]
[EventRounds "11"]
[EventCountry "GEO"]
[SourceTitle "EXT 2024"]
[Source "ChessBase"]
[SourceDate "2023.10.10"]
[SourceVersion "1"]
[SourceVersionDate "2023.10.10"]
[SourceQuality "1"]
[WhiteTeam "South Africa"]
[BlackTeam "Iran"]
[WhiteTeamCountry "RSA"]
[BlackTeamCountry "IRI"]

1. Nf3 Nf6 2. g3 b6 3. Bg2 Bb7 4. d4 e6 5. c4 Be7 6. Nc3 0-0 7. 0-0 d5 8. Ne5 Nbd7 9. b3 c5 10. dxc5 Nxe5 11. Bf4 Ng6 12. cxb6 Nxf4 13. gxf4 axb6 14. f5 Qd6 15. Qc2 Ng4 16. f4 Ne3 17. Qb2 Nxg2 18. Nb5 Qc5+ 19. Kxg2 dxc4+ 20. Kh3 Qxf5+ 21. Kg3 Qxb5 22. Kf2 Bf6 23. Qc1 Bxa1 24. Qxa1 cxb3 25. Rg1 f6 26. a3 b2 27. Qa2 Bd5 28. Qb1 Rxa3 29. Rg3 Rxg3 30. hxg3 Qc5+ 0-1

[Event "Wch U18 Girls rapid"]
[Site "Batumi"]
[Date "2023.06.06"]
[Round "1"]
[White "Poliakova, Varvara"]
[Black "Seyedi Hallaj, Seyedeh Hasti"]
[Result "1-0"]
[WhiteElo "2010"]
[BlackElo "1659"]
[PlyCount "152"]
[EventDate "2023.06.06"]
[EventType "swiss (rapid)"]
[EventRounds "11"]
[EventCountry "GEO"]
[SourceTitle "CBM 214 Extra"]
[Source "ChessBase"]
[SourceDate "2023.07.31"]
[SourceVersion "1"]
[SourceVersionDate "2023.07.31"]
[SourceQuality "1"]

1. e4 e5 2. Nf3 Nc6 3. Bc4 Nf6 4. d3 Bc5 5. c3 a6 6. 0-0 d6 7. a4 Ba7 8. Nbd2 h6 9. Re1 g5 10. Nf1 Nh7 11. Be3 g4 12. N3d2 Qf6 13. Bxa7 Rxa7 14. Ne3 h5 15. Nd5 Qd8 16. b4 Ne7 17. Ne3 Ng6 18. Nf5 Qf6 19. Nf1 Bxf5 20. exf5 Qxf5 21. Ne3 Qg5 22. b5 a5 23. b6 cxb6 24. Qb3 0-0 25. Qxb6 Raa8 26. Qxb7 Nf4 27. Qe4 Nf6 28. Qf5 Qxf5 29. Nxf5 d5 30. Bb5 e4 31. d4 Kh7 32. Nd6 Ra7 33. c4 dxc4 34. Nxe4 N6d5 35. Bxc4 Nb4 36. Red1 Rc7 37. Nc5 Nfd5 38. Bxd5 Nxd5 39. Re1 Rd8 40. Rad1 Kg6 41. Kf1 Nb4 42. Nb3 Rc4 43. Rc1 Rdc8 44. Rxc4 Rxc4 45. Rc1 Rxc1+ 46. Nxc1 Nc2 47. Nb3 Kf5 48. Ke2 Ke4 49. f3+ Kd5 50. fxg4 hxg4 51. Kd3 Ne1+ 52. Kc3 Nxg2 53. Nxa5 Nf4 54. Nb3 Ne6 55. a5 Nc7 56. Kd3 f5 57. Ke3 Kc4 58. Nd2+ Kb5 59. Kf4 Ne6+ 60. Ke5 Ng5 61. Kxf5 Nf3 62. Kxg4 Nxd2 63. h4 Ne4 64. Kf5 Ng3+ 65. Kf4 Nh5+ 66. Kg5 Ng7 67. h5 Kxa5 68. h6 Ne6+ 69. Kf6 Nf8 70. Kf7 Nh7 71. Kg7 Ng5 72. Kf6 Nh7+ 73. Ke7 Kb6 74. d5 Ng5 75. d6 Kc6 76. d7 Nh7 1-0